Owls : (Registro nro. 3005)
[ vista simple ]
| 000 -CABECERA | |
|---|---|
| Campo de control | 00911cam a2200241 i 4500 |
| 005 - FECHA Y HORA DE LA ULTIMA TRANSACCION | |
| Campo de control | 20160106072803.0 |
| 008 - ELEMENTOS DE LONGITUD FIJA—INFORMACION GENERAL | |
| Campo de control | 101012t 1999enkabf r 001 0 eng d |
| 020 ## - ISBN | |
| ISBN | 0300079206 |
| 040 ## - FUENTE DE CATALOGACIÓN | |
| Agencia catalogadora original | DLC |
| Agencia transcriptora | DLC |
| Agencia Modificadora | CO-BoIAVH |
| -- | CO-BoPUJ |
| 041 0# - IDIOMA | |
| Código de idioma para texto/pista de sonido o título separado | Inglés |
| 044 ## - PAÍS DE PUBLICACIÓN | |
| País de publicación | Inglaterra |
| 082 04 - NUMERO DE CLASIFICACION DECIMAL DEWEY | |
| Número de clasificación | 598.97 |
| Número del ítem | K82o |
| 100 1# - ASIENTO PRINCIPAL--NOMBRE PERSONAL | |
| Nombre personal | König, Claus |
| Fechas asociadas con el nombre | 1933- |
| 9 (RLIN) | 46988 |
| 245 10 - MENCION DE TITULO | |
| Título | Owls : |
| Parte restante del título | a guide to the owls of the world / |
| Mención de responsabilidad | Claus Konig, Friedhelm Weick and Jan-Hendrik Becking ; illustrated by Friedhelm Weick. |
| 260 ## - PUBLICACION, DISTRIBUCION, ETC. (PIE DE IMPRENTA) | |
| Lugar de publicación, distribución, etc. | New Haven, Connecticut ; |
| -- | London : |
| Nombre del editor, distribuidor, etc. | Yale University Press, |
| Fecha de publicación, distribución, etc. | c1999. |
| 300 ## - DESCRIPCION FISICA | |
| Extensión | 462 páginas : |
| Otros detalles físicos | ilustraciones, láminas y mapas ; |
| Dimensiones | 25 cm. |
| 504 ## - NOTA DE BIBLIOGRAFIA, ETC. | |
| Nota de bibliografía | Incluye referencias bibliográficas e índice. |
| 650 14 - ASIENTO SECUNDARIO DE MATERIA - TERMINO TEMATICO | |
| Término temático o nombre geográfico como elemento de entrada | Búhos |
| Subdivisión de forma | Guía |
| 9 (RLIN) | 46989 |
| 650 24 - ASIENTO SECUNDARIO DE MATERIA - TERMINO TEMATICO | |
| Término temático o nombre geográfico como elemento de entrada | Búhos |
| Subdivisión general | Identificación |
| Subdivisión de forma | Guía |
| 9 (RLIN) | 46990 |
| 700 1# - ASIENTO SECUNDARIO - NOMBRE PERSONAL | |
| Nombre personal | Weick, Friedhelm |
| Término de relación | autor |
| 9 (RLIN) | 18162 |
| 700 1# - ASIENTO SECUNDARIO - NOMBRE PERSONAL | |
| Nombre personal | Becking, Jan-Hendrik |
| Término de relación | autor |
| 9 (RLIN) | 46987 |
| 942 ## - ELEMENTOS ADICIONALES (KOHA) | |
| Sistema de clasificación | Dewey Decimal Classification |
| Tipo de ítem | Libro |
| Withdrawn status | Lost status | Sistema de Clasificación | Damaged status | No para préstamo | Colección | Inventariado | Ubicación Permanente | Ubicación actual | Fecha de adquisición | Fuente de Valor | Valor | Total Checkouts | Número topográfico | Inventario / Código de Barras | Date last seen | Ejemplar | Price effective from | Tipo de material |
|---|---|---|---|---|---|---|---|---|---|---|---|---|---|---|---|---|---|---|
| Dewey Decimal Classification | General | Inventariado 2017 | Bogotá | Bogotá | 03/12/2002 | Instituto | 39000.00 | LB-598.97 K82o | 003711 | 04/12/2012 | Ej.1 | 04/12/2012 | Libro |